<?xml version="1.0" encoding="UTF-8"?>
<collection xmlns="http://www.loc.gov/MARC21/slim">
    <record>
        <controlfield tag="001">67779</controlfield>
        <controlfield tag="005">20180223095029.0</controlfield>
        <datafield tag="037" ind1=" " ind2=" ">
            <subfield code="a">GDOC-2016-29323</subfield>
        </datafield>
        <datafield tag="041" ind1=" " ind2=" ">
            <subfield code="a">spa</subfield>
        </datafield>
        <datafield tag="100" ind1=" " ind2=" ">
            <subfield code="0">(orcid)0000-0002-8068-7804</subfield>
            <subfield code="1">567405</subfield>
            <subfield code="a">Centurion Merodo, Yamila Magali</subfield>
        </datafield>
        <datafield tag="245" ind1="0" ind2="0">
            <subfield code="9">29323</subfield>
            <subfield code="a">Medicina bucal</subfield>
        </datafield>
        <datafield tag="260" ind1=" " ind2=" ">
            <subfield code="a">Zaragoza</subfield>
            <subfield code="b">Universidad de Zaragoza</subfield>
            <subfield code="c">2016-2017</subfield>
        </datafield>
        <datafield tag="520" ind1=" " ind2=" ">
            <subfield code="a">Breve presentación de la asignatura
La asignatura de Medicina Bucal pretende dar al alumno los conocimientos necesarios de Patología Oral, así como las implicaciones que en la Cavidad Oral tienen otras Patologías Sistémicas, con el fin de poder desarrollar su labor profesional con soltura y seguridad. Dado que los Odontólogos somos profesionales sanitarios, y que hay enfermedades en las que la primera manifestación se da en la Cavidad Oral, se profundizará en esta vertiente especialmente.
Se pretende que el alumno considere al paciente desde un punto de vista global, entendiendo que nuestra actuación puede incidir en su salud, y que, en ocasiones, un diagnóstico precoz puede suponer una mejora en su salud o su calidad de vida, y que, por el contrario, un error puede perjudicarle seriamente, incluso de manera irreversible.</subfield>
            <subfield code="b"> </subfield>
        </datafield>
        <datafield tag="521" ind1=" " ind2=" ">
            <subfield code="9">129</subfield>
            <subfield code="a">Odontología</subfield>
        </datafield>
        <datafield tag="540" ind1=" " ind2=" ">
            <subfield code="a">by-nc-sa</subfield>
            <subfield code="b">Creative Commons</subfield>
            <subfield code="c">3.0</subfield>
            <subfield code="u">http://creativecommons.org/licenses/by-nc-sa/3.0/</subfield>
        </datafield>
        <datafield tag="830" ind1=" " ind2=" ">
            <subfield code="9">442</subfield>
        </datafield>
        <datafield tag="856" ind1="4" ind2=" ">
            <subfield code="s">10696</subfield>
            <subfield code="u">http://zaguan.unizar.es/record/67779/files/guia-29323-en.pdf</subfield>
            <subfield code="y">Guide (english)</subfield>
        </datafield>
        <datafield tag="856" ind1="4" ind2=" ">
            <subfield code="s">20730</subfield>
            <subfield code="u">http://zaguan.unizar.es/record/67779/files/guia-29323-es.pdf</subfield>
            <subfield code="y">Guía (idioma español)</subfield>
        </datafield>
        <datafield tag="970" ind1=" " ind2=" ">
            <subfield code="a">GDOC-2016-29323</subfield>
        </datafield>
        <datafield tag="980" ind1=" " ind2=" ">
            <subfield code="a">GDOC</subfield>
            <subfield code="b">Ciencias de la salud</subfield>
            <subfield code="c">229</subfield>
        </datafield>
    </record>

    
</collection>